00326 2200133 4500001002100000005001500021035002000036245005500056260003900111082000800150084001200158990001100170990001100181INLIS00000000000263320250605032425 a0010-0625000219 aTumbuh Mekar Di Bumi Pancasila /cDrs. E. Luturmas aJakarta :bPT. Dian Ariesta,c2002 a900 a900 TUM a032095 a032096